000 00504cam a2200193 4500
008 090401t1984 xxu||||| |||| 00| 0 eng d
020 _a0112426441
035 _a(Sirsi) u52905
041 _aeng
050 _a630.0212
110 _aMinistry of Agriculture and Fisheries
_91293
245 _aFarm incomes in England and Wales 1982/83.
260 _aLondon
_bHMSO
_c1984
300 _aiii,67p. ; 30cm.
350 _a7.25
490 _aFarm Incomes Series
_v36
942 _n0
948 _c04/03/1997
999 _c93189
_d93189